000 00402nam a2200169Ia 4500
008 230711s9999||||xx |||||||||||||| ||und||
041 _aENG
082 _a621
_bME-P
100 _aMehta,V.K
245 0 _aPrinciples of power system
250 _a1st
260 _c1992
_aNew Delhi
_bS.Chand & Company Ltd
300 _a706
650 _aElectrical Engineering
700 _aMehta,Rohit
942 _cBK
999 _c1693
_d1693